00452nam a2200145Ia 4500003000900000008004100009020002600050020002700076040001600103100002100119245004800140260003200188300002000220856006600240IN-BaIIA211028s9999 xx s 000 0 eng d a9780819420817 (Print) a9781510629929 (Online) cIIA Library aVekshin, Nikolai 0aEnergy Transfers in Macromoleculesh[eBook] aWashington, USAbSPIEc1996 aOnline resource uhttps://doi.org/10.1117/3.2536928yClick Here to Access eBook